<?xml version="1.0" encoding="UTF-8"?>
<record
    xmlns:xsi="http://www.w3.org/2001/XMLSchema-instance"
    xsi:schemaLocation="http://www.loc.gov/MARC21/slim http://www.loc.gov/standards/marcxml/schema/MARC21slim.xsd"
    xmlns="http://www.loc.gov/MARC21/slim">

  <leader>01056cam a2200265 a 4500</leader>
  <controlfield tag="001">79234)</controlfield>
  <controlfield tag="003">BD-RjUL</controlfield>
  <controlfield tag="005">20220120121451.0</controlfield>
  <controlfield tag="008">220120s19911994vau      b    000 0 ara  </controlfield>
  <datafield tag="020" ind1=" " ind2=" ">
    <subfield code="a">1565640047</subfield>
  </datafield>
  <datafield tag="035" ind1=" " ind2=" ">
    <subfield code="a">(BD-RjUL)79234)</subfield>
  </datafield>
  <datafield tag="040" ind1=" " ind2=" ">
    <subfield code="a">DLC</subfield>
    <subfield code="c">DLC</subfield>
    <subfield code="d">DLC</subfield>
    <subfield code="b">eng</subfield>
  </datafield>
  <datafield tag="041" ind1=" " ind2=" ">
    <subfield code="a">ara</subfield>
  </datafield>
  <datafield tag="082" ind1=" " ind2=" ">
    <subfield code="2">23</subfield>
    <subfield code="a">297</subfield>
    <subfield code="b">HAM 1994</subfield>
  </datafield>
  <datafield tag="100" ind1="1" ind2=" ">
    <subfield code="a">&#x62D;&#x633;&#x646;&#x629; &#x639;&#x645;&#x631; &#x639;&#x628;&#x64A;&#x62F; ;; &#x1E24;asanah, &#x2BB;Umar &#x2BB;Ubayd,</subfield>
    <subfield code="d">1935-</subfield>
    <subfield code="9">839</subfield>
  </datafield>
  <datafield tag="245" ind1="1" ind2="0">
    <subfield code="a">&#x645;&#x631;&#x627;&#x62C;&#x639;&#x627;&#x62A; &#x641;&#x64A; &#x627;&#x644;&#x641;&#x643;&#x631; &#x648;&#x627;&#x644;&#x62F;&#x639;&#x648;&#x629; &#x648;&#x627;&#x644;&#x62D;&#x631;&#x643;&#x629;. ;; Mur&#x101;ja&#x2BB;at f&#x12B; al-fikr wa-al-da&#x2BB;wah wa-al-&#x1E25;arakah /</subfield>
    <subfield code="c">&#x2BB;&#x639;&#x645;&#x631; &#x639;&#x628;&#x64A;&#x62F; &#x62D;&#x633;&#x646;&#x629;. ;; Umar &#x2BB;Ubayd &#x1E24;asanah.</subfield>
  </datafield>
  <datafield tag="250" ind1=" " ind2=" ">
    <subfield code="a">&#x627;&#x644;&#x637;&#x628;&#x639;&#x629; &#x627;&#x644;&#x62B;&#x627;&#x646;&#x64A;&#x629;</subfield>
  </datafield>
  <datafield tag="260" ind1=" " ind2=" ">
    <subfield code="a">H&#x12B;rndun, F&#x12B;rj&#x12B;niy&#x101;, al-Wil&#x101;y&#x101;t al-Mutta&#x1E25;idah al-Amr&#x12B;k&#x12B;yah :</subfield>
    <subfield code="b">al-Ma&#x2BB;had al-&#x2BB;&#x100;lam&#x12B; lil-Fikr al-Isl&#x101;m&#x12B;,</subfield>
    <subfield code="c">1994</subfield>
  </datafield>
  <datafield tag="300" ind1=" " ind2=" ">
    <subfield code="a">19, 127 p. ;</subfield>
    <subfield code="c">23 cm.</subfield>
  </datafield>
  <datafield tag="490" ind1="1" ind2=" ">
    <subfield code="a">Silsilat Qa&#x1E0D;&#x101;y&#x101; al-fikr al-Isl&#x101;m&#x12B; ;</subfield>
    <subfield code="v">7</subfield>
  </datafield>
  <datafield tag="504" ind1=" " ind2=" ">
    <subfield code="a">Includes bibliographical references.</subfield>
  </datafield>
  <datafield tag="650" ind1=" " ind2="0">
    <subfield code="a">Islam</subfield>
    <subfield code="y">20th century.</subfield>
    <subfield code="9">840</subfield>
  </datafield>
  <datafield tag="830" ind1=" " ind2="0">
    <subfield code="a">Issues of Islamic thought;</subfield>
    <subfield code="v">no. 7.</subfield>
    <subfield code="9">841</subfield>
  </datafield>
  <datafield tag="942" ind1=" " ind2=" ">
    <subfield code="2">ddc</subfield>
    <subfield code="c">BK</subfield>
  </datafield>
  <datafield tag="999" ind1=" " ind2=" ">
    <subfield code="c">79234</subfield>
    <subfield code="d">79234</subfield>
  </datafield>
  <datafield tag="952" ind1=" " ind2=" ">
    <subfield code="0">0</subfield>
    <subfield code="1">0</subfield>
    <subfield code="2">ddc</subfield>
    <subfield code="4">0</subfield>
    <subfield code="7">1</subfield>
    <subfield code="8">NFIC</subfield>
    <subfield code="a">RUCL</subfield>
    <subfield code="b">RUCL</subfield>
    <subfield code="c">Reading</subfield>
    <subfield code="d">0000-00-00</subfield>
    <subfield code="e">The International Institute of  Islamic Thought, Dhaka, Bangladesh</subfield>
    <subfield code="l">0</subfield>
    <subfield code="o">A 297 HAM 1994</subfield>
    <subfield code="r">2022-01-20 00:00:00</subfield>
    <subfield code="t">C-1</subfield>
    <subfield code="w">2022-01-20</subfield>
    <subfield code="y">BK</subfield>
  </datafield>
</record>
